Deutscher U21 EM Kader 2025 - Statistiken

Allgemein
  • Dieses Quiz wurde 104 mal gespielt
  • Das Durchschnittsergebnis liegt bei 17 aus 27
Antwortstatistiken
Position Verein Name % Korrekt
Tor SC Freiburg Noah Atubolu
94%
Angriff VfB Stuttgart Nick Woltemade
86%
Mittelfeld Borussia Mönchengladbach Rocco Reitz
80%
Mittelfeld Brighton & Hove Albion Brajan Gruda
78%
Abwehr Eintracht Frankfurt Pharrel Nnamdi Collins
77%
Angriff 1. FSV Mainz 05 Nelson Weiper
76%
Abwehr Eintracht Frankfurt Nathaniel Brown
75%
Mittelfeld 1. FSV Mainz 05 Paul Nebel
73%
Mittelfeld 1. FC Heidenheim Paul Wanner
72%
Mittelfeld 1. FC Köln Eric Martel
70%
Angriff Hannover 96 Nicolo Tresoldi
70%
Abwehr SV Elversberg Elias Baum
68%
Tor Hertha BSC Tjark Ernst
68%
Abwehr Sporting Braga Bright Akwo Arrey-Mbi
61%
Abwehr SC Freiburg Max Rosenfelder
57%
Trainer Antonio Di Salvo
56%
Abwehr VfB Stuttgart Finn Jeltsch
54%
Abwehr VfL Bochum Tim Oermann
54%
Tor SC Preußen Münster Johannes Schenk
53%
Mittelfeld SC Freiburg Merlin Röhl
53%
Mittelfeld Eintracht Frankfurt Ansgar Knauff
52%
Tor SpVgg Greuther Fürth Nahuel Noll
51%
Mittelfeld 1. FC Nürnberg Caspar Jander
49%
Abwehr Borussia Mönchengladbach Lukas Ullrich
48%
Abwehr Fortuna Düsseldorf Jamil Siebert
47%
Mittelfeld 1. FC Köln Jan Thielmann
43%
Angriff Hertha BSC Derry Scherhant
41%
Keine übereinstimmenden Quizze gefunden
Verteilung der Resultate
Anzahl Personen mit jedem Resultat
Perzentil nach korrekt beantworteten Fragen
Ihre Resultats-Entwicklung
Sie haben dieses Quiz noch nicht gespielt